Les 10 footballeurs les mieux payés au monde - Statistiques

Statistiques générales
  • Ce quiz a été pris 128 fois
  • Le résultat moyen est 7 sur 10
Statistiques - réponses
Hint Réponse % Correct
275 millions/an Cristiano Ronaldo
100%
135 millions/an Lionel Messi
100%
90 millions/an Kylian Mbappé
98%
110 millions/an Neymar Jr
88%
60 millions/an Erling Haaland
69%
50,6 millions/an Vinicius Jr
64%
104 millions/an Karim Benzema
63%
48,8 millions/an Mohamed Salah
55%
47,9 millions/an Sadio Mané
33%
35,9 millions/an Kevin De Bruyne
30%
Aucun quiz correspondant
Distribution des résultats
% des personnes avec chaque résultat
Percentile par nombre de réponses
Votre historique - résultats
Vous n’avez pas pris ce quiz